000
003290000a22001450004500
003
MACL
040
_a
MACL
090
_c
8349
_d
8348
100
_a
Pandey, Sushma
245
_a
Psychological Consequences Of child Abuse
260
_b
Concept Publishing Company
_c
2007
350
_a
500
650
_a
Psychology
942
_c
BOOK
_k
150
999
_c
8298
_d
8298